000 00221nam a2200109Ia 4500
999 _c8110
_d8110
020 _a9780071128926
100 _aHeinz Weihrich
245 0 _aManagement
260 _aUSA
_b McGraw Hill
_c2002
300 _a878
942 _cBK